Al pueblo de Cuba : (Record no. 95955)

MARC details
000 -LEADER
campo de control de longitud fija 00661nam a2200181 i 4500
001 - NÚMERO DE CONTROL
campo de control 95955
003 - IDENTIFICADOR DE NÚMERO DE CONTROL
campo de control ES-MaACL
005 - FECHA Y HORA DE LA ÚLTIMA TRANSACCIÓN
campo de control 20230906181817.0
007 - CAMPO FIJO DE DESCRIPCIÓN FÍSICA--INFORMACIÓN GENERAL
campo de control de longitud fija t|
008 - DATOS DE LONGITUD FIJA--INFORMACIÓN GENERAL
campo de control de longitud fija 050608s1931 cu ||||1| spa d
100 1# - ENTRADA PRINCIPAL--NOMBRE DE PERSONA
Nombre de persona Machado y Morales, Gerardo.
9 (RLIN) 75173
245 10 - MENCIÓN DEL TÍTULO
Título Al pueblo de Cuba :
Resto del título a todos, extranjeros y nacionales, en lo hondo de nuestros actuales problemas se esconde la agresión comunista implacable /
Mención de responsabilidad, etc. Gerardo Machado y Morales.
260 ## - PUBLICACIÓN, DISTRIBUCIÓN, ETC.
Lugar de publicación, distribución, etc. La Habana :
Nombre del editor, distribuidor, etc. Fernández Solana y Cía.,
Fecha de publicación, distribución, etc. 1931.
300 ## - DESCRIPCIÓN FÍSICA
Extensión 16 p. ;
Dimensiones 22 cm.
650 #4 - PUNTO DE ACCESO ADICIONAL DE MATERIA--TÉRMINO DE MATERIA
Término de materia o nombre geográfico como elemento de entrada Comunismo-
Subdivisión geográfica Cuba.
9 (RLIN) 11216
651 #4 - PUNTO DE ACCESO ADICIONAL DE MATERIA--NOMBRE GEOGRÁFICO
Nombre geográfico Cuba-
Subdivisión general Historia-
Subdivisión cronológica 1902-1933.
9 (RLIN) 155981
852 ## - LOCALIZACIÓN
Ubicación ES-MaACL
Número de control de estantería 1748-F-1
Holdings
Estatus retirado Estado de pérdida Estado de daño No para préstamo Colección Biblioteca de origen Biblioteca actual Ubicación en estantería Fecha de adquisición Fuente de adquisición Total de préstamos Signatura topográfica completa Código de barras Visto por última vez Precio de reemplazo Tipo de ítem Koha
        Colección de folletos Biblioteca del Ateneo de Madrid Biblioteca del Ateneo de Madrid Depósito folletos 17/01/2008     1748-F-1 1100190 23/02/2023 23/02/2023 Folleto